00794nmc a2200253 a 4500003000900000005001700009008004100026020001800067040001300085100002900098245008500127250001200212260003000224300001100254490003400265504005500299600002700354650002800381650003200409650001400441650002900455650002800484650002800512AR-BaBNM20251128205302.0011101s1997 ||||||||||||||000 | spa|| a84-493-0364-8 cAR-BaBNM1 aCrespo, María Victoria10aRetorno a la educaciónbel Emilio de Rousseau y la pedagogía contemporánea a1ª ed. aBarcelonabPaidósc1997 a145 p. 0aPapeles de pedagogíavv. 27 aContiene bibliografía en notas a pie de página14aRousseau, Jean-Jacques 4aTEORIAS DE LA EDUCACION 4aFINALIDADES DE LA EDUCACION 4aPEDAGOGIA 4aHISTORIA DE LA EDUCACION 4aREFORMA DE LA EDUCACION 4aESCOLARIDAD OBLIGATORIA